Tratado jurídico político del contra-bando (Registro nro. 74008)
[ vista simple ]
| 000 -ENCABEZADO | |
|---|---|
| Número de control [NR] | 01771nam a2200301Ia 4500 |
| 008 - DE LONGITUD FIJA DE DATOS DE ELEMENTOS - INFORMACIÓN GENERAL | |
| Elementos de longitud fija [NR] | 130821s1729 sp gr lat |
| 040 ## - FUENTE DE CATALOGACION [NR] | |
| Agencia de catalogación original [NR] | Co-BoUCM |
| Idioma de catalogación [NR] | spa |
| 041 0# - CODIGO DE IDIOMA [R] | |
| Código de idioma para texto/pista de sonido o título separado [R] | Latín |
| 092 ## - SIGNATURA TOPOGRAFICA LOCAL | |
| Número de clasificación local | E11N053 |
| 100 1# - ASIENTO PRINCIPAL--NOMBRE PERSONAL [NR] | |
| Nombre personal [NR] | Gonzalez de Salcedo, Pedro |
| 245 10 - MENCION DE TITULO [NR] | |
| Título [NR] | Tratado jurídico político del contra-bando |
| Mención de responsabilidad, etc. [NR] | compuesto por el licenciado D. Pedro González de Salcedo |
| 260 ## - PUBLICACION, DISTRIBUCION, ETC. (PIE DE IMPRENTA) [R] | |
| Lugar de publicación, distribución, etc. [R] | Madrid (España) |
| Nombre del editor, distribuidor, etc. [R] | Juan Muñoz |
| Fecha de publicación, distribución, etc. [R] | 1729 |
| 300 ## - DESCRIPCION FISICA [R] | |
| Extensión [R] | [10], 400 páginas |
| 500 ## - NOTA GENERAL [R] | |
| Nota general [NR] | Detalles físicos: Encuadernación en pergamino en buen estado de conservación. Portada sencilla a u sólo color. Texto impreso en dos columnas sobre papel de regular calidad, con notas al pie de página, uso de letra capital sencilla y adornos de h |
| 504 ## - NOTA DE BIBLIOGRAFIA, ETC. [R] | |
| Nota de bibliografía, etc. [NR] | |
| 505 2# - NOTA DE CONTENIDO CON FORMATO PREESTABLECIDO [R] | |
| Nota de contenido con formato preestablecido [NR] | ¿Qúe es contra-bando (sic)?. ; Si convendrapa al pincipe permitir á (sic) sus vasallos comerciar fuera de sus reynos (sic), ó (sic) es mayor conveniencia denegarles esta permission (sic)?. ; Si podrá el principe impedir á (sic) sus vasallos con |
| 506 ## - NOTA DE RESTRICCIONES DE ACCESO [R] | |
| Condiciones de acceso [NR] | Consulta en sala. |
| 650 ## - ASIENTO SECUNDARIO DE MATERIA - TERMINO TEMATICO [R] | |
| Término temático o nombre geográfico como elemento de entrada [NR] | Contrabando |
| Subdivisión cronológica [R] | Siglo XVII |
| 9 (RLIN) | 11789 |
| 650 ## - ASIENTO SECUNDARIO DE MATERIA - TERMINO TEMATICO [R] | |
| Término temático o nombre geográfico como elemento de entrada [NR] | Derecho comercial |
| Subdivisión general [R] | Legislación |
| -- | Obras anteriores a 1800 |
| 9 (RLIN) | 12717 |
| 650 ## - ASIENTO SECUNDARIO DE MATERIA - TERMINO TEMATICO [R] | |
| Término temático o nombre geográfico como elemento de entrada [NR] | Derecho comercial |
| Subdivisión geográfica [R] | España |
| Subdivisión general [R] | Obras anteriores a 1800 |
| 9 (RLIN) | 12717 |
| 650 ## - ASIENTO SECUNDARIO DE MATERIA - TERMINO TEMATICO [R] | |
| Término temático o nombre geográfico como elemento de entrada [NR] | Derecho |
| 9 (RLIN) | 7494 |
| 650 ## - ASIENTO SECUNDARIO DE MATERIA - TERMINO TEMATICO [R] | |
| Término temático o nombre geográfico como elemento de entrada [NR] | Mercancías |
| Subdivisión general [R] | Obras anteriores a 1800 |
| 9 (RLIN) | 19366 |
| 651 ## - ASIENTO SECUNDARIO DE MATERIA - NOMBRE GEOGRAFICO [R] | |
| Nombre geográfico [NR] | España |
| Subdivisión general [R] | Obras anteriores a 1800 |
| 9 (RLIN) | 26943 |
| 700 1# - ASIENTO SECUNDARIO - NOMBRE PERSONAL [R] | |
| Nombre personal [NR] | Muñoz, Juan |
| Término de relación [R] | |
| 856 41 - LOCALIZACION Y ACCESO ELECTRONICOS [R] | |
| Nota dirigida al público [R] | Disponible en línea |
| Identificador Uniforme del Recurso (“URI”) [R] | <a href="http://books.google.com/books?id=u8R2k_7YqAYC&printsec=frontcover&dq=tratado+juridico+politico+del+contra-bando+1729&hl=es&ei=wyAwTtGCM6rniAKzsuUr&sa=X&oi=book_result&ct=result&resnum=1&ved=0CCsQ6AEwAA#v=onepage&q&f=false">http://books.google.com/books?id=u8R2k_7YqAYC&printsec=frontcover&dq=tratado+juridico+politico+del+contra-bando+1729&hl=es&ei=wyAwTtGCM6rniAKzsuUr&sa=X&oi=book_result&ct=result&resnum=1&ved=0CCsQ6AEwAA#v=onepage&q&f=false</a> |
| 942 ## - ELEMENTOS DE ENTRADA AGREGADOS (KOHA) | |
| Tipo de ítem principal el descrito en 300a | Libro |
| Tema principal | Derecho |
| Edición | 1 |
| Sistema de clasificación | DEWEY |
| Clasificación | 345.0233 |
| Total préstamos | Código de barras | Última vez visto | Volúmen / Fascículo | Ejemplar | Price effective from | Tipo de ítem | Perdido | Sistema de clasificación | Dañado | No prestable | Tipo de ítem específico | Suprimido | Ubicación habitual | Ubicación actual | Localización | Fecha de creación | Forma de adquisición | Costo |
|---|---|---|---|---|---|---|---|---|---|---|---|---|---|---|---|---|---|---|
| L001749 | 15/12/2012 | E11N053 | Ej.1 | 03/02/2013 | Libro | DEWEY | Libro archivo | Archivo Histórico | Archivo histórico | 28/02/2014 | Donación | 0.00 |